| 000 | 00733nam a2200253Ia 4500 | ||
|---|---|---|---|
| 003 | OSt | ||
| 005 | 20220918201242.0 | ||
| 006 | a|||||r|||| 00| 0 | ||
| 007 | ta | ||
| 008 | 220917b |||||||| |||| 00| 0 eng d | ||
| 024 | _a92,665 | ||
| 037 | _cTextual | ||
| 040 |
_aARTS _cARTS _beng |
||
| 041 |
_2eng _aeng |
||
| 082 | _aV1:195,(zP).N9, M1 | ||
| 100 |
_aFlynn Gregory _997723 |
||
| 245 | 0 | _aInternational fabric of western security | |
| 260 |
_aLondon _bAllanheld _c1981 |
||
| 300 |
_axiii, 250p. tables _ccm. |
||
| 490 | _aAn atlantic institute for international affairs research volume | ||
| 650 | _aHISTORY | ||
| 942 |
_hV1:195,(zP).N9, M1 _cTEXL _2CC |
||
| 999 |
_c216316 _d216316 |
||